| 000 | 00692nam a2200193Ia 4500 | ||
|---|---|---|---|
| 005 | 20250511152329.0 | ||
| 008 | 210303s9999 xx 000 0 und d | ||
| 016 | _2reto2022b | ||
| 040 |
_aNLN _bEnglish |
||
| 050 |
_aTL285 _b.N685 |
||
| 082 | _a629 | ||
| 110 |
_aNigerian Standard Organization _946866 |
||
| 245 | 0 |
_aRoad vehicles inspection and tasting procedures for motor vehicle, trailers and semi trailers / _cedited by Nigerian Standards Organisation |
|
| 260 |
_aEnugu : _bNigerian Standards Organisation, Federal Ministry of Industries, _c1982 |
||
| 300 |
_aiv, 51p. : _billus., ; 21cm. |
||
| 563 | _a(pbk) | ||
| 650 |
_aMotor vehicles _vInspection-Nigeria _946867 |
||
| 942 | _cBK | ||
| 999 |
_c25293 _d25293 |
||